Statistics for Guess the Taylor Swift song with no hints ~15

Click here to take the quiz!

General Stats

  • This quiz has been taken 220 times
  • The average score is 172 of 230

Answer Stats

Answer% Correct
I
100%
a
99%
the
98%
it
97%
We
97%
we
97%
you
97%
You
97%
And
96%
and
96%
me
96%
is
95%
your
94%
my
93%
in
92%
Love
91%
love
91%
to
91%
I'm
90%
You're
90%
be
89%
go
89%
were
89%
all
87%
like
85%
of
85%
are
84%
So
84%
this
84%
This
84%
I'll
83%
know
82%
But
81%
don't
80%
never
77%
Just
75%
just
75%
Saw
74%
good
72%
with
70%
time
69%
our
68%
same
67%
Now
66%
Up
64%
right
62%
grace
59%
let
59%
or
59%
These
59%
state
58%
game
56%
room
56%
alone
55%
play
55%
coming
54%
loved
54%
eyes
53%
lights
53%
live
52%
touch
52%
walking
52%
come
51%
hands
51%
ruthless
51%
Unless
51%
fall
50%
real
50%
through
50%
wrong
50%
blue
49%
traffic
49%
fast
48%
saint
48%
streets
48%
busy
47%
Busy
47%
fight
47%
heel
46%
lives
46%
minds
46%
something
46%
Achille's
45%
broken
45%
changing
45%
hurts
45%
shades
45%
'til
45%
wild
45%
worthwhile
45%
bleeds
44%
hearts
44%
fate
43%
learn
43%
age
42%
around
42%
fire
42%
four
42%
signs
42%
twin
42%
pain
41%
fades
40%
golden
40%
armor
38%
falls
38%
cannonball
37%
clean
37%
Pierce
37%
slates
37%
mosaic
36%
brave
35%

Score Distribution

Percentile by Number Answered

Percent of People with Each Score

Your Score History

You have not taken this quiz